[Event "Parsvnath ch-Commonwealth"]
[Site "New Delhi IND"]
[Date "2007.12.07"]
[Round "7"]
[White "Nitin,S"]
[Black "Dahale,A"]
[Result "1-0"]
[WhiteElo "2321"]
[BlackElo "2065"]

1.e4 c5 2.Nf3 d6 3.d4 cxd4 4.Nxd4 Nf6 5.Nc3 a6 6.f3 e5 7.Nb3 Be6 8.Be3 Nbd7
9.Qd2 b5 10.O-O-O Be7 11.g4 Nb6 12.Qf2 Nfd7 13.Kb1 Qc7 14.Nd5 Bxd5 15.exd5 Nc4
16.Bc1 Ndb6 17.f4 exf4 18.Qxf4 Ne5 19.Qe4 O-O 20.Bf4 Nbc4 21.Bd3 g6 22.h4 Bf6
23.Bc1 Rac8 24.Rh2 Rfe8 25.h5 Nxb2 26.Bxb2 Nc4 27.Qxe8+ Rxe8 28.Bxf6 Ne5
29.hxg6 fxg6 30.Re2 Qc8 31.g5 Qb7 32.Bxe5 dxe5 33.Be4 Qe7 34.Rg2 Qb4 35.Rg4 a5
36.d6 Kg7 37.Rh4 Rd8 38.Rdh1 Rh8 39.Bxg6 Qxd6 40.Rxh7+ Rxh7 41.Rxh7+ Kg8
42.Bd3 e4 43.Bxe4 a4 44.Rb7 axb3 45.axb3 Qe5 46.Bd3 Qe1+ 47.Ka2 Qa5+ 48.Kb2 b4
49.g6 Qe5+ 50.Ka2 Qa5+ 51.Kb1  1-0

[Event "Parsvnath ch-Commonwealth"]
[Site "New Delhi IND"]
[Date "2007.12.08"]
[Round "8"]
[White "Mehar,C"]
[Black "Shetty,R"]
[Result "1/2-1/2"]
[WhiteElo "2246"]
[BlackElo "2320"]

1.e4 c5 2.Nf3 d6 3.d4 cxd4 4.Nxd4 Nf6 5.Nc3 a6 6.f3 e6 7.Be3 Nbd7 8.g4 h6
9.h4 b5 10.Qd2 Bb7 11.O-O-O b4 12.Na4 Qa5 13.b3 Rc8 14.Bh3 Nc5 15.g5 Nxa4
16.bxa4 hxg5 17.hxg5 Qxa4 18.gxf6 b3 19.Nxb3 Qxa2 20.Qd3 d5  1/2-1/2

[Event "TCh-HUN 2007-8"]
[Site "Budapest HUN"]
[Date "2007.12.09"]
[Round "4"]
[White "Rudolf,An"]
[Black "Dombai,I"]
[Result "1-0"]
[WhiteElo "2273"]
[BlackElo "2213"]

1.e4 c5 2.Nf3 d6 3.d4 cxd4 4.Nxd4 Nf6 5.Nc3 a6 6.Be3 Ng4 7.Bc1 Nf6 8.f3 e6
9.Be3 Qc7 10.Qd2 b5 11.g4 Nfd7 12.O-O-O Bb7 13.Qf2 Nc6 14.g5 Nce5 15.a3 Rc8
16.Kb1 Nc4 17.Bxc4 Qxc4 18.Nb3 Ba8 19.Rhe1 Be7 20.h4 Qc7 21.Bd4 O-O 22.f4 e5
23.Nd5 Bxd5 24.exd5 Rfe8 25.Bc3 Bf8 26.f5 Nc5 27.Ba5 Qd7 28.Nd2 Be7 29.Bb4 Bd8
30.Bxc5 dxc5 31.Ne4 b4 32.axb4 cxb4 33.d6 Rc6 34.f6 Bb6 35.Qh2 g6 36.h5 Rec8
37.hxg6 fxg6 38.f7+ Qxf7 39.Nf6+ Kf8 40.Nxh7+ Kg7 41.Qxe5+  1-0

[Event "7th Amplico AIG Life"]
[Site "Warsaw POL"]
[Date "2007.12.15"]
[Round "4"]
[White "Delekta,P"]
[Black "Mista,A"]
[Result "0-1"]
[WhiteElo "2291"]
[BlackElo "2543"]

1.e4 c5 2.Nf3 d6 3.d4 Nf6 4.Nc3 cxd4 5.Nxd4 a6 6.f3 e5 7.Nb3 Be6 8.Be3 Be7
9.Be2 O-O 10.Nd5 Bxd5 11.exd5 Nbd7 12.O-O Qc7 13.c4 Nc5 14.Bxc5 dxc5 15.Bd3 Bd6
16.g3 Nd7 17.Nd2 f5 18.Qe2 Rae8 19.Rae1 g6 20.Qg2 Nf6 21.g4 e4 22.fxe4 fxg4
23.e5 Bxe5 24.Ne4 Nxe4 25.Bxe4 Rxf1+ 26.Rxf1 Bxh2+ 27.Kh1 Bf4 28.d6 Qxd6
29.Bd5+ Kg7 30.Qxg4 Rf8 31.Re1 Qf6 32.Qd7+ Kh8 33.Qe7 Qf5 34.Re2 Qh3+  0-1

[Event "7th Amplico AIG Life"]
[Site "Warsaw POL"]
[Date "2007.12.15"]
[Round "5"]
[White "Zawadzka,J"]
[Black "Chlost,M"]
[Result "0-1"]
[WhiteElo "2371"]
[BlackElo "2148"]

1.e4 c5 2.Nf3 d6 3.d4 cxd4 4.Nxd4 Nf6 5.Nc3 a6 6.f3 e5 7.Nb3 Be6 8.Be3 Be7
9.Qd2 O-O 10.O-O-O Qc7 11.g4 Nbd7 12.Kb1 Rfc8 13.Qf2 b5 14.g5 Nh5 15.h4 b4
16.Nd5 Bxd5 17.exd5 g6 18.Bh3 a5 19.Bg4 a4 20.Nc1 Bf8 21.Bxh5 gxh5 22.Qd2 Nb6
23.Bxb6 Qxb6 24.Rhe1 Rc4 25.Re4 Rac8 26.b3 Rxc2 27.Qxc2 Rxc2 28.Kxc2 Qf2+
29.Rd2 Qxf3 30.Rxb4 axb3+ 31.axb3 e4 32.Re2 e3 33.Rc4 h6 34.gxh6 Bxh6 35.Rd4 Qf5+
36.Nd3 Qc8+ 37.Rc4 Qa8 38.Nb4 Qd8 39.Nc6 Qf6 40.Re4 Qf1 41.Nd4 f5 42.Re6 Bg7
43.R2xe3 Bxd4 44.Re8+ Kh7 45.R8e7+ Bg7 46.Re2 Qf3 47.R2e3 Qg2+ 48.Kc1 f4
49.R3e4 f3 50.Rf7 Qb2+ 51.Kd1 Qb1+  0-1

[Event "16th Donau Open"]
[Site "Aschach Donau AUT"]
[Date "2007.12.31"]
[Round "7"]
[White "Wagner,Stef"]
[Black "Binder,M"]
[Result "1-0"]
[WhiteElo "2103"]
[BlackElo "2079"]

1.e4 c5 2.Nf3 d6 3.d4 cxd4 4.Nxd4 Nf6 5.Nc3 a6 6.f3 e6 7.Be3 b5 8.Qd2 Bb7
9.g4 h6 10.O-O-O Nbd7 11.h4 b4 12.Na4 Qa5 13.b3 Nc5 14.a3 Nxa4 15.axb4 Qc7
16.bxa4 d5 17.e5 Nd7 18.f4 Nb6 19.f5 Nxa4 20.fxe6 Nc3 21.exf7+ Kxf7 22.Qf2+ Kg8
23.Bd3 Bxb4 24.Rdf1 Ba3+ 25.Kd2 Ne4+ 26.Bxe4 dxe4 27.Qf5 Bd5 28.e6 Rd8 29.g5 Bc4
30.g6 Bb4+ 31.Kc1 Ba3+ 32.Kd1 Bb2 33.Qf7+ Qxf7 34.Rxf7 Bxe6 35.Re7 Bf5 36.c3 Bxg6
37.Rg1 Bf7 38.Kc2 Ba3 39.Ra7 Rd6 40.Nf5 Rf6 41.Ra8+  1-0

[Event "37th Rilton Cup"]
[Site "Stockholm SWE"]
[Date "2007.12.31"]
[Round "5"]
[White "Grandelius,N"]
[Black "Hillarp Persson,T"]
[Result "1-0"]
[WhiteElo "2377"]
[BlackElo "2567"]

1.e4 c5 2.Nf3 d6 3.d4 cxd4 4.Nxd4 Nf6 5.Nc3 a6 6.f3 e6 7.Be3 Nc6 8.Qd2 Be7
9.g4 O-O 10.O-O-O Nxd4 11.Bxd4 b5 12.Kb1 Nd7 13.h4 Qc7 14.g5 Ne5 15.Qg2 b4
16.Na4 Rb8 17.b3 Bd7 18.Nb2 Bb5 19.f4 Nc6 20.Be3 Rfe8 21.h5 Bf8 22.Bc1 Bxf1
23.Rhxf1 Na7 24.Nd3 Nb5 25.Bb2 d5 26.exd5 exd5 27.Ne5 Red8 28.g6 fxg6 29.hxg6 h6
30.Rxd5 Bd6 31.Rfd1 Re8 32.Rxd6  1-0

[Event "37th Rilton Cup"]
[Site "Stockholm SWE"]
[Date "2008.01.02"]
[Round "6"]
[White "Marttala,T"]
[Black "Ruck,T"]
[Result "1/2-1/2"]
[WhiteElo "2253"]
[BlackElo "2343"]

1.Nf3 c5 2.e4 d6 3.d4 cxd4 4.Nxd4 Nf6 5.Nc3 a6 6.f3 e5 7.Nb3 Be6 8.Be3 Be7
9.Qd2 Nbd7 10.g4 h6 11.O-O-O b5 12.Kb1 Nb6 13.Qf2 Nfd7 14.h4 Qc7 15.Rh2 Nc4
16.Bxc4 bxc4 17.Nc1 Rb8 18.Nd5 Bxd5 19.Rxd5 h5 20.g5 f5 21.Qe1 O-O 22.b3 f4
23.Bg1 Rfc8 24.Rd1 Rb5 25.Rd5 Rb7 26.Qd2 Nb6 27.Bxb6 Rxb6 28.Ra5 Qc6 29.Qd5+ Qxd5
30.Rxd5 Kf7 31.Rhd2 Ke6 32.Ne2 Rbc6 33.c3 Bd8 34.b4 Bb6 35.a4 Be3 36.Rb2 Rb8
37.Nc1 Rcb6 38.Na2 Bc5 39.Rdd2 Be3 40.Rd5 Rc8 41.Ka1 Kd7 42.Kb1 Kc7 43.Ka1 g6
44.Kb1 Ra8 45.Ka1 a5 46.Kb1 Rbb8 47.b5 Kd7 48.Nc1 Rc8 49.Ne2 Rab8 50.Rd1 Rc5
51.Ng1 Ke6 52.Nh3 d5 53.exd5+ Rxd5 54.Rxd5 Kxd5 55.Nf2 Bxf2 56.Rxf2 e4 57.Rd2+ Ke5
58.Re2 e3 59.Rb2 Rd8 60.b6 Kd6 61.b7 Rb8 62.Kc1 Kc7 63.Rb5 Rxb7 64.Rxb7+ Kxb7  1/2-1/2

[Event "37th Rilton Cup"]
[Site "Stockholm SWE"]
[Date "2008.01.04"]
[Round "8"]
[White "Smith,Ax"]
[Black "Szabo,Krisz1"]
[Result "0-1"]
[WhiteElo "2384"]
[BlackElo "2492"]

1.e4 c5 2.Nf3 d6 3.d4 cxd4 4.Nxd4 Nf6 5.Nc3 a6 6.f3 e5 7.Nb3 Be6 8.Be3 Be7
9.Qd2 O-O 10.O-O-O a5 11.Bb5 Na6 12.Qe2 Qb8 13.Kb1 Nc7 14.a4 Rc8 15.Qf2 Nxb5
16.Nxb5 Rc4 17.Ba7 Qf8 18.Nc3 Rb4 19.Rd2 Nd7 20.Be3 f5 21.Qe2 Nf6 22.Bg5 Nxe4
23.Nxe4 fxe4 24.Bxe7 Qxe7 25.fxe4 b5 26.axb5 a4 27.Nc1 Rb8 28.c3 R4xb5 29.Na2 Rb3
30.Nb4 Qb7 31.Rxd6 a3 32.Rd2 Ra8 33.Rhd1 Qc7 34.Qd3 axb2 35.Rxb2 Rxc3 36.Qb5 Rc1+
37.Rxc1 Ra1+ 38.Kxa1 Qxc1+ 39.Rb1 Qa3+ 40.Na2 Qxa2+  0-1

[Event "5th TCh-Asia w"]
[Site "Visakhpatnam IND"]
[Date "2008.01.04"]
[Round "2"]
[White "Kanuri,T"]
[Black "Amrutha,M"]
[Result "1-0"]
[WhiteElo "2057"]
[BlackElo "2157"]

1.e4 c5 2.Nf3 d6 3.d4 cxd4 4.Nxd4 Nf6 5.Nc3 a6 6.f3 e5 7.Nb3 Be6 8.Be3 Nbd7
9.Qd2 b5 10.g4 Nb6 11.g5 Nfd7 12.Nd5 Rc8 13.O-O-O Bxd5 14.exd5 Nc4 15.Qf2 Qc7
16.Bd3 g6 17.Nd2 Qa5 18.Kb1 Bg7 19.Bxc4 bxc4 20.Ne4 Qc7 21.f4 Rb8 22.f5 c3
23.b3 O-O 24.f6 Bh8 25.Rd3 Rb4 26.Qg2 Qb8 27.Rxc3 Nb6 28.Bxb6 Rxb6 29.h4 a5
30.h5 Qb7 31.Qh3 a4 32.Rc6 Rxc6 33.dxc6 Qc7 34.hxg6 fxg6 35.Nxd6 Rd8 36.Ne4 axb3
37.cxb3 Rd4 38.Qe6+ Kf8 39.Nc5  1-0

[Event "ch-Reykjavik"]
[Site "Reykjavik ISL"]
[Date "2008.01.11"]
[Round "3"]
[White "Kristinardottir,E"]
[Black "Jonsson,Ol"]
[Result "1/2-1/2"]
[WhiteElo "1721"]
[BlackElo "1924"]

1.e4 c5 2.Nf3 d6 3.d4 cxd4 4.Nxd4 Nf6 5.Nc3 a6 6.f3 e5 7.Nb3 Be6 8.Be3 Nbd7
9.Qd2 Be7 10.O-O-O b5 11.g4 O-O 12.g5 b4 13.Ne2 Nh5 14.h4 a5 15.Kb1 Nb6 16.Bxb6 Qxb6
17.f4 Bc4 18.f5 Rfd8 19.Nf4 Bxf1 20.Nxh5 Bc4 21.f6 Bf8 22.fxg7 Bxg7 23.Nf6+ Kh8
24.h5 a4 25.Nc1 b3 26.cxb3 axb3 27.a3 Rac8 28.Nd5 Qb7 29.g6 Bxd5 30.Qxd5 Qxd5
31.Rxd5 fxg6 32.hxg6 h6 33.Nxb3 Bf8 34.Nd2 Kg7 35.Rg1 Rc5 36.b4 Rc3 37.Kb2 Rdc8
38.b5 Be7 39.b6 R3c6 40.Rb5 Rb8 41.b7 Rc7 42.a4 Rcxb7 43.Rxb7 Rxb7+ 44.Kc3 Rc7+
45.Kb3 d5 46.exd5 Rc5 47.d6 Bxd6 48.Ne4 Rd5 49.Nxd6 Rxd6 50.a5 e4 51.Kb4 e3
52.Kb5 e2 53.Re1 Re6 54.a6 Kxg6 55.a7 Re5+ 56.Kb6 Re6+ 57.Kb7 Re7+ 58.Kb8 Re8+
59.Kb7 Re7+  1/2-1/2

[Event "Open A"]
[Site "Prague CZE"]
[Date "2008.01.18"]
[Round "9"]
[White "Macak,S"]
[Black "Rosko,L"]
[Result "1-0"]
[WhiteElo "2361"]
[BlackElo "2226"]

1.e4 c5 2.Nf3 d6 3.d4 cxd4 4.Nxd4 a6 5.Nc3 Nf6 6.f3 e5 7.Nb3 Be6 8.Be3 Nbd7
9.Qd2 Be7 10.O-O-O b5 11.g4 Nb6 12.g5 Nh5 13.Nd5 Nxd5 14.exd5 Bd7 15.Na5 O-O
16.Bd3 f5 17.gxf6 Nxf6 18.Rdg1 Kh8 19.Be4 Rf7 20.h4 Rc8 21.h5 Nxe4 22.fxe4 Qf8
23.h6 g6 24.Qe1 Bd8 25.Nb3 Rc7 26.Nd2 Bc8 27.Qg3 Rb7 28.Kb1 a5 29.Qg2 a4
30.Rf1 Kg8 31.Nf3 a3 32.Ng5 Bxg5 33.Bxg5 axb2 34.Be3 Qd8 35.Rxf7 Rxf7 36.Rf1 Qh4
37.Rg1 Bh3 38.Qh1 Qh5 39.Kxb2 Rf3 40.Bb6 Kf7 41.Re1 Qxh6 42.Qxf3+  1-0

[Event "GMA2"]
[Site "Marianske Lazne CZE"]
[Date "2008.01.21"]
[Round "3"]
[White "Smith,Ax"]
[Black "Krejci,Jan2"]
[Result "1/2-1/2"]
[WhiteElo "2458"]
[BlackElo "2359"]

1.e4 c5 2.Nf3 d6 3.d4 cxd4 4.Nxd4 Nf6 5.Nc3 a6 6.f3 e5 7.Nb3 Be6 8.Be3 Be7
9.Qd2 O-O 10.O-O-O Nbd7 11.g4 Nb6 12.Kb1 Qc7 13.Qf2 Nfd7 14.h4 Rfc8 15.h5 a5
16.Nc1 a4 17.a3 Ra5 18.Bb5  1/2-1/2

[Event "ch-Reykjavik"]
[Site "Reykjavik ISL"]
[Date "2008.01.23"]
[Round "8"]
[White "Kristinardottir,E"]
[Black "Baldursson,Ha"]
[Result "0-1"]
[WhiteElo "1721"]
[BlackElo "2033"]

1.e4 c5 2.Nf3 d6 3.d4 cxd4 4.Nxd4 Nf6 5.Nc3 a6 6.f3 e6 7.Be3 Qc7 8.Qd2 Be7
9.O-O-O Nc6 10.g4 h6 11.g5 hxg5 12.Bxg5 Bd7 13.Nxc6 Bxc6 14.Bxf6 Bxf6 15.Qxd6 Qxd6
16.Rxd6 Be5 17.Rd3 Rxh2 18.Rxh2 Bxh2 19.Kd1 Ke7 20.Ne2 Rh8 21.Nd4 Bd7 22.c4 Be5
23.Ne2 Bxb2 24.Rb3 Ba4 25.Ng3 Be5 26.Ne2 g5 27.Kd2 Bxb3 28.axb3 Rh2 29.Ke3 Kd6
30.b4 b6 31.Kd3 Rf2  0-1

[Event "Velammal 45th National A ch-IND"]
[Site "Chennai IND"]
[Date "2008.02.03"]
[Round "1"]
[White "Mehar,C"]
[Black "Adhiban,B"]
[Result "1/2-1/2"]
[WhiteElo "2199"]
[BlackElo "2401"]

1.e4 c5 2.Nf3 d6 3.d4 cxd4 4.Nxd4 Nf6 5.Nc3 a6 6.f3 e5 7.Nb3 Be6 8.Be3 Be7
9.Qd2 O-O 10.O-O-O Qc7 11.g4 Rc8 12.g5 Nh5 13.Nd5 Bxd5 14.exd5 a5 15.Bh3 Nd7
16.Kb1 a4 17.Nc1 Nf4 18.Bxf4 exf4 19.Bxd7 Qxd7 20.h4 Rc4 21.Rhe1 Rac8 22.Re2 a3
23.b3 Rxc2 24.Qxc2 Rxc2 25.Kxc2 f6 26.Rde1 Bd8 27.g6 hxg6 28.Nd3 Bb6 29.Re8+ Kh7
30.R1e7 Qh3 31.Rxb7 g5 32.Rxb6 Qg2+ 33.Kc3 gxh4 34.Rbb8 Qxa2 35.Nxf4 Qb2+
36.Kd3 Kh6 37.Rh8+ Kg5 38.Ne6+ Kf5 39.Nxg7+ Kf4 40.Rxh4+ Kxf3 41.Rbb4 Qe2+
42.Kc3 Qb2+ 43.Kd3 Qb1+ 44.Kd2 Qb2+ 45.Kd3 Qe2+ 46.Kc3 Qe3+ 47.Kc2 Qf2+ 48.Kc3 a2  1/2-1/2

[Event "Velammal 45th National A ch-IND"]
[Site "Chennai IND"]
[Date "2008.02.05"]
[Round "3"]
[White "Mehar,C"]
[Black "Konguvel,P"]
[Result "0-1"]
[WhiteElo "2199"]
[BlackElo "2394"]

1.e4 c5 2.Nf3 d6 3.d4 cxd4 4.Nxd4 Nf6 5.Nc3 a6 6.f3 e5 7.Nb3 Be6 8.Be3 Be7
9.Qd2 O-O 10.O-O-O Nbd7 11.g4 b5 12.g5 b4 13.Nd5 Nxd5 14.exd5 Bf5 15.Qxb4 Bxg5
16.Bxg5 Qxg5+ 17.Kb1 Rfc8 18.Bd3 Nc5 19.Nxc5 Rxc5 20.f4 exf4 21.Rhg1 Qh5
22.Qxf4 Rxd5 23.Rdf1 Rxd3 24.cxd3 Bxd3+ 25.Ka1 Bxf1 26.Rxf1 Qd5 27.Rc1 h6
28.h4 Re8 29.a3 a5 30.Qg4 Qe4 31.Qd7 Qe5 32.Rd1 Rb8 33.Rb1 d5 34.Qa4 d4 35.Qc2 Rd8
36.Rd1 d3 37.Rxd3 Qe1+ 38.Ka2 Qxh4 39.Rxd8+ Qxd8 40.b4 axb4 41.axb4 h5 42.Qc6 h4
43.b5 h3 44.b6 Qd2+ 45.Ka3 Qd3+ 46.Kb4 h2 47.b7 Qb1+ 48.Ka5 h1=Q 49.b8=Q+ Qxb8
50.Qxh1 Qe5+ 51.Ka6 g5 52.Qh5 Kg7 53.Kb6 Qf4 54.Kc5 g4 55.Qh4 Kg6 56.Qh8 g3
57.Qg8+ Kh5 58.Kb6 Qg5 59.Qc8 g2  0-1

[Event "4th Open C Women"]
[Site "Moscow RUS"]
[Date "2008.02.07"]
[Round "6"]
[White "Airapetian,Ta"]
[Black "Paikidze,N"]
[Result "1/2-1/2"]
[WhiteElo "2162"]
[BlackElo "2311"]

1.e4 c5 2.Nf3 d6 3.d4 cxd4 4.Nxd4 Nf6 5.Nc3 a6 6.f3 e5 7.Nb3 Nc6 8.Be3 Be6
9.Qd2 d5 10.exd5 Nxd5 11.Nxd5 Qxd5 12.Qxd5 Bxd5 13.Bb6 Nb4 14.Kf2 Nxc2 15.Rd1 Nb4
16.Na5 Bxa2 17.b3 Nc6 18.Nxc6 bxc6 19.Bc4 Bxb3 20.Bxb3 Rb8 21.Bc7 Rxb3 22.Rd8+ Ke7
23.Rhd1 Rb7 24.Bxe5 f6 25.Bc3 Kf7 26.Kf1 Rg8  1/2-1/2

[Event "Velammal 45th National A ch-IND"]
[Site "Chennai IND"]
[Date "2008.02.09"]
[Round "7"]
[White "Mehar,C"]
[Black "Ashwin,J"]
[Result "1/2-1/2"]
[WhiteElo "2199"]
[BlackElo "2478"]

1.e4 c5 2.Nf3 d6 3.d4 cxd4 4.Nxd4 Nf6 5.Nc3 a6 6.f3 e5 7.Nb3 Be6 8.Be3 h5
9.Qd2 Nbd7 10.O-O-O b5 11.Nd5 Rc8 12.Kb1 Bxd5 13.exd5 Nb6 14.Bxb6 Qxb6 15.g3 g6
16.Bh3 Bh6 17.f4 Rc4 18.Qa5 Qxa5 19.Nxa5 Re4 20.fxe5 Rxe5 21.Nc6 Rxd5 22.Bc8 Kf8
23.Bxa6 Rc5 24.Rxd6 Ne8 25.Rd8 Rxc6 26.Re1 Re6 27.Rxe6 fxe6 28.Bxb5 Ke7 29.Rd7+ Kf8
30.Rd8 Kf7 31.Rd7+ Kf6 32.Rd8 Ke7 33.Rd7+  1/2-1/2

[Event "Stillwater Winter FIDE"]
[Site "Oklahoma USA"]
[Date "2008.02.16"]
[Round "2"]
[White "Nugent,M"]
[Black "Trammell,G"]
[Result "1-0"]
[WhiteElo "1915"]
[BlackElo "2058"]

1.e4 c5 2.Nf3 d6 3.d4 cxd4 4.Nxd4 Nf6 5.Nc3 a6 6.f3 e5 7.Nb3 Be6 8.Be3 Be7
9.Qd2 O-O 10.O-O-O a5 11.Bb5 Na6 12.Qf2 Qb8 13.Kb1 Nc7 14.a4 Rc8 15.g4 d5
16.exd5 Nfxd5 17.Nxd5 Bxd5 18.Nc5 Bxc5 19.Bxc5 Bxf3 20.Qxf3 Nxb5 21.Rd7 Nc3+
22.bxc3 f6 23.Qd5+ Kh8 24.Rd1  1-0

[Event "XXIV Open"]
[Site "Cappelle La Grande FRA"]
[Date "2008.02.17"]
[Round "2"]
[White "Tissir,M"]
[Black "Shneider,Alek"]
[Result "1/2-1/2"]
[WhiteElo "2428"]
[BlackElo "2532"]

1.e4 c5 2.Nf3 d6 3.d4 cxd4 4.Nxd4 Nf6 5.Nc3 a6 6.f3 e5 7.Nb3 Be6 8.Be3 Nbd7
9.g4 Nb6 10.g5 Nh5 11.Qd2 Rc8 12.O-O-O Be7 13.Rg1 O-O 14.Kb1 g6 15.h4 Qc7
16.Qf2 Bd8 17.Qd2 Be7 18.Qf2 Bd8 19.Qd2  1/2-1/2

[Event "XXIV Open"]
[Site "Cappelle La Grande FRA"]
[Date "2008.02.18"]
[Round "3"]
[White "Kryvoruchko,Y"]
[Black "Tissir,M"]
[Result "1-0"]
[WhiteElo "2597"]
[BlackElo "2428"]

1.e4 c5 2.Nf3 d6 3.d4 cxd4 4.Nxd4 Nf6 5.Nc3 a6 6.f3 e6 7.Be3 b5 8.Qd2 Bb7
9.g4 Nfd7 10.O-O-O Nb6 11.Qf2 N8d7 12.Bd3 Rc8 13.Nce2 Na4 14.Kb1 Nac5 15.h4 Be7
16.g5 d5 17.exd5 Bxd5 18.Nf4 Nxd3 19.Nxd3 O-O 20.Rhg1 Qc7 21.h5 Bd6 22.f4 Nc5
23.Nxc5 Bxc5 24.Rc1 Rfd8 25.Rgd1 Bf8 26.Nb3 Rd7 27.Bb6 Qb8 28.Qe3 Rc4 29.Bd4 Bd6
30.Be5 Bxe5 31.fxe5 Re4 32.Qxe4 Bxe4 33.Rxd7 h6 34.Nc5 Qxe5 35.Rd8+ Kh7 36.Nd7 Bxc2+
37.Ka1  1-0

[Event "XXIV Open"]
[Site "Cappelle La Grande FRA"]
[Date "2008.02.19"]
[Round "5"]
[White "Tissir,M"]
[Black "Brodsky,M"]
[Result "1/2-1/2"]
[WhiteElo "2428"]
[BlackElo "2572"]

1.e4 c5 2.Nf3 d6 3.d4 Nf6 4.Nc3 cxd4 5.Nxd4 a6 6.f3 e6 7.Be3 b5 8.Qd2 Nbd7
9.g4 h6 10.O-O-O b4 11.Nce2 Qc7 12.h4 d5 13.exd5 Nxd5 14.Nf4 Nxe3 15.Qxe3 Bc5
16.Nd3 Be7 17.f4 Bb7 18.Rh2 Nf6 19.Be2 Nd5 20.Qf2 Bd6 21.Rf1 O-O-O 22.Rh3 Kb8
23.Kb1 Rc8 24.Bd1 Qb6 25.Nb3 Qxf2 26.Rxf2 Rhd8 27.Bf3 Nxf4 28.Nxf4 Bxf4 29.a3 Bxf3
30.Rhxf3 g5 31.hxg5 Rd1+ 32.Ka2 hxg5 33.axb4 Rg1 34.Nc5 Rxg4 35.Nxa6+ Kb7
36.Nc5+ Kc6 37.Nd3 e5 38.c4 Kd6 39.Nc5 f5 40.Ra3 e4 41.Rf1 Rg2 42.Rd1+ Bd2
43.Ra6+ Ke5 44.Rf1 Bxb4 45.Nd7+ Kd4 46.Rxf5 Rxc4 47.Ne5 Rcc2 48.Nc6+ Kc4
49.Ne5+ Kb5 50.Nd3+ Bc5 51.Nxc5 Rxb2+ 52.Ka3 Rbc2 53.Nd3+ Kxa6 54.Nb4+ Kb6
55.Nxc2 Rxc2 56.Rxg5 Rc5 57.Rg4 Rc4 58.Rg5 Kc6 59.Kb3 Rc5 60.Rxc5+ Kxc5  1/2-1/2

[Event "60th ch-POL w"]
[Site "Krakow POL"]
[Date "2008.02.20"]
[Round "7"]
[White "Zawadzka,J"]
[Black "Majdan,J"]
[Result "0-1"]
[WhiteElo "2410"]
[BlackElo "2293"]

1.e4 c5 2.Nf3 d6 3.d4 cxd4 4.Nxd4 Nf6 5.Nc3 a6 6.f3 e5 7.Nb3 Be6 8.Be3 Be7
9.Qd2 O-O 10.O-O-O Qc7 11.g4 Rc8 12.Kb1 d5 13.exd5 Nxd5 14.Nxd5 Bxd5 15.Qf2 Qc6
16.Bg2 a5 17.Rxd5 Qxd5 18.f4 e4 19.Nd2 Qb5 20.c4 Qb4 21.a3 Qd6 22.Bxe4 Nd7
23.g5 Nc5 24.Bxc5 Rxc5 25.Bd5 Rxd5 26.cxd5 Qxd5 27.Rc1 Qf5+ 28.Ka1 Bxg5 29.Rc4 g6
30.Qe3 Bf6 31.Ne4 Bg7 32.Rc7 Qe6 33.Qd3 Bxb2+ 34.Kxb2 Qb6+ 35.Ka1 Qxc7 36.Nf6+ Kf8
37.Qd4 Qc1+ 38.Ka2 Qc6 39.Nd5 f6 40.Nxf6 Rc8 41.Nxh7+ Kf7 42.Ng5+ Kg8 43.Ne4 a4
44.Nf6+ Kf7 45.Nd7 Qg2+  0-1

[Event "ch-ROU"]
[Site "Cluj ROU"]
[Date "2008.02.25"]
[Round "1"]
[White "Lupulescu,C"]
[Black "Mosnegutu,K"]
[Result "1-0"]
[WhiteElo "2553"]
[BlackElo "2253"]

1.e4 c5 2.Nf3 d6 3.d4 cxd4 4.Nxd4 Nf6 5.Nc3 a6 6.f3 e5 7.Nb3 Be6 8.Be3 d5
9.exd5 Nxd5 10.Nxd5 Qxd5 11.Qxd5 Bxd5 12.O-O-O Bxb3 13.axb3 Nc6 14.f4 Rd8
15.Bc4 Bd6 16.Bb6 Rd7 17.Rhe1 Bb4 18.c3 Rxd1+ 19.Rxd1 Be7 20.fxe5 Nxe5 21.Bd5 O-O
22.b4 Bg5+ 23.Kc2 Nc6 24.Bf3 Rc8 25.Kb3 g6 26.Rd7 Nd8 27.Bxb7 Rb8 28.Bxd8 Bxd8
29.Bxa6 f5 30.Rb7 Ra8 31.Bc4+ Kh8 32.Bd5 Rc8 33.c4 Bf6 34.c5 Rd8 35.c6 Be5
36.Kc4  1-0

[Event "ch-ROU"]
[Site "Cluj ROU"]
[Date "2008.02.26"]
[Round "2"]
[White "Pribeanu,D"]
[Black "Nemeth,F"]
[Result "1/2-1/2"]
[WhiteElo "2233"]
[BlackElo "2451"]

1.e4 c5 2.Nf3 d6 3.d4 cxd4 4.Nxd4 Nf6 5.Nc3 a6 6.f3 e5 7.Nb3 Be6 8.Be3 Be7
9.Qd2 O-O 10.O-O-O Nbd7 11.g4 Qc7 12.g5 Nh5 13.Rg1 b5 14.Nd5 Bxd5 15.exd5 Nb6
16.Kb1 Rab8 17.Na5 Nxd5 18.Qxd5 Qxa5 19.c4 Rfc8 20.Rg4 Qc7 21.Rc1 b4 22.Rh4 g6
23.Rxh5 gxh5 24.Qe4 Rf8 25.Bd3 f5 26.gxf6 Bxf6 27.c5 dxc5 28.Bxc5 b3 29.Bc4+ Kh8
30.Bxf8 Rxf8 31.Bxb3 Qa7  1/2-1/2

[Event "58th ch-RUS w 1st liga"]
[Site "Smolensk RUS"]
[Date "2008.03.01"]
[Round "4"]
[White "Akatova,E"]
[Black "Lupik,M"]
[Result "1-0"]
[WhiteElo "2296"]
[BlackElo "2222"]

1.e4 c5 2.Nf3 d6 3.d4 cxd4 4.Nxd4 Nf6 5.Nc3 a6 6.f3 e5 7.Nb3 Be6 8.Be3 Nbd7
9.Qd2 Be7 10.O-O-O O-O 11.g4 Nb6 12.h4 Rc8 13.h5 Nfd7 14.Nd5 Bxd5 15.exd5 Nc4
16.Bxc4 Rxc4 17.g5 f5 18.g6 h6 19.Qd3 Rc8 20.f4 e4 21.Qd2 Nb6 22.Qa5 Nc4
23.Qxd8 Bxd8 24.Bd4 Bb6 25.Rh3 e3 26.Bxb6 e2 27.Re1 Nxb6 28.Rxe2 Nxd5 29.Rd2 Nxf4
30.Rh4 Rc4 31.Nd4 Nd5 32.b3 Rcc8 33.Ne6 Rfe8 34.Rxd5 Rxe6 35.Rxf5 Re2 36.Rc4 Rxc4
37.bxc4 Re5 38.Rf7 Rxh5 39.Rxb7 Rf5 40.Ra7 Rf6 41.Ra8+ Rf8 42.Rxa6 Rd8 43.Kd2 Kf8
44.Ra7 Rc8 45.Rf7+ Kg8 46.Rd7 Kf8 47.Kc3 Ra8 48.Rf7+ Kg8 49.Rb7 h5 50.a4 Kf8
51.Kb4 h4 52.Rf7+ Kg8 53.Rf4 h3 54.Rh4 Rb8+ 55.Ka3 Rc8 56.a5 h2 57.Kb4 Rb8+
58.Ka4 Rc8 59.Rxh2 Rxc4+ 60.Kb5 Rc5+ 61.Kb6 Rc4 62.a6 Rb4+ 63.Ka5 Rb2 64.Rh4 Ra2+
65.Ra4 Rxc2 66.a7 Rc8 67.Rb4  1-0

[Event "58th ch-RUS w 1st liga"]
[Site "Smolensk RUS"]
[Date "2008.03.05"]
[Round "8"]
[White "Tomilova,E"]
[Black "Ivakhinova,I"]
[Result "0-1"]
[WhiteElo "2276"]
[BlackElo "2250"]

1.e4 c5 2.Nf3 d6 3.d4 cxd4 4.Nxd4 Nf6 5.Nc3 a6 6.f3 e6 7.Be3 b5 8.g4 Nfd7
9.Qd2 Nb6 10.O-O-O N8d7 11.Qf2 Bb7 12.h4 b4 13.Nb1 Qc7 14.g5 d5 15.Bh3 e5
16.exd5 exd4 17.Bxd4 Nxd5 18.Rhe1+ Kd8 19.Re4 Bd6 20.f4 f6 21.Rf1 Re8 22.Rxe8+ Kxe8
23.Qe2+ Kf8 24.Qh5 Nxf4 25.Qxh7 Nxh3 26.gxf6 Bf4+ 27.Nd2 Nxf6 28.Bxf6 gxf6
29.Qh8+ Kf7 30.Qh7+ Ke6 31.Re1+ Kd6 32.Qf5 Bd5 33.Qxh3 b3 34.c3 bxa2 35.Kc2 Qa5
36.Ne4+ Bxe4+ 37.Rxe4 Be5 38.Qd3+ Ke7 39.Rg4 a1=Q 40.Rg7+ Kf8  0-1

[Event "65th ch-GEO w"]
[Site "Tbilisi GEO"]
[Date "2008.03.05"]
[Round "7"]
[White "Melia,S"]
[Black "Batsiashvili,N"]
[Result "1-0"]
[WhiteElo "2362"]
[BlackElo "2317"]

1.e4 c5 2.Nf3 d6 3.d4 cxd4 4.Nxd4 Nf6 5.Nc3 a6 6.f3 e5 7.Nb3 Be6 8.Be3 Be7
9.Qd2 O-O 10.O-O-O Nbd7 11.g4 b5 12.g5 b4 13.Ne2 Ne8 14.f4 a5 15.f5 a4 16.fxe6 axb3
17.cxb3 fxe6 18.Kb1 Rxa2 19.Bh3 Qa5 20.Bxe6+ Kh8 21.Bxd7 Ra1+ 22.Kc2 Qc7+
23.Nc3 Rxd1 24.Qxd1 bxc3 25.Bxe8 cxb2+ 26.Kxb2 Rxe8 27.Qd5 Qd7 28.Ra1 Bd8
29.Ra8 Qh3 30.Qxd6 Qxe3 31.Rxd8 Qf2+ 32.Qd2 Qxd2+ 33.Rxd2 Kg8 34.b4 Kf7 35.Rd6 Rc8
36.Kb3 Rc1 37.b5 Ke7 38.Ra6 Re1 39.Ra7+ Kf8 40.Kc3 Re3+ 41.Kc4 Rxe4+ 42.Kc5 Re2
43.b6 Rxh2 44.b7 Rb2 45.Ra8+ Kf7 46.b8=Q Rxb8 47.Rxb8 Kg6 48.Rb7 h5 49.gxh6 gxh6
50.Kd5 Kf5 51.Rh7 Kg5 52.Kxe5 h5 53.Rg7+  1-0

[Event "Open"]
[Site "Blackpool ENG"]
[Date "2008.03.08"]
[Round "2"]
[White "Dines,S"]
[Black "Burrows,M"]
[Result "0-1"]
[WhiteElo "1910"]
[BlackElo "2205"]

1.e4 c5 2.Nf3 d6 3.d4 cxd4 4.Nxd4 Nf6 5.Nc3 a6 6.f3 e5 7.Nb3 Be6 8.Bg5 Nbd7
9.Nd5 Bxd5 10.exd5 Be7 11.Be2 O-O 12.Be3 Nh5 13.Qd2 f5 14.f4 Nxf4 15.Bxf4 exf4
16.Qxf4 Qb6 17.O-O-O Bf6 18.Rhg1 Be5 19.Qg5 a5 20.c3 Rac8 21.Qd2 a4 22.Nd4 a3
23.b3 Bxd4 24.Qxd4 Qxd4 25.Rxd4 Rxc3+ 26.Kd2 Rc5 27.Rc1 Re8 28.Rxc5 Nxc5
29.Rb4 Re7 30.Rb6 Ne4+ 31.Kd3 Nc5+ 32.Kd2 Ne4+ 33.Kd3 Kf7 34.Bf3 Nc5+ 35.Kd2 Rd7
36.b4 Nb3+ 37.Kc2 Nd4+ 38.Kc3 Nxf3 39.gxf3 g5 40.Kb3 Kf6 41.Kxa3 Ke5 42.Kb3 Kf4
43.a4 Kxf3 44.a5 Kg2 45.b5 f4 46.Ka4 f3 47.a6 bxa6 48.bxa6 f2 49.Rb2 Kg1
50.Rb1+ f1=Q 51.Rxf1+ Kxf1 52.Kb5 Kg2 53.Kb6 Kxh2 54.a7 Rxa7 55.Kxa7 g4 56.Kb6 g3
57.Kc6 g2 58.Kxd6 g1=Q  0-1

[Event "39th Open"]
[Site "Mar del Plata ARG"]
[Date "2008.03.17"]
[Round "4"]
[White "Espinoza Palomino,W"]
[Black "Perez Ponsa,F"]
[Result "1/2-1/2"]
[WhiteElo "1945"]
[BlackElo "2235"]

1.e4 c5 2.Nf3 d6 3.d4 cxd4 4.Nxd4 Nf6 5.Nc3 a6 6.f3 e5 7.Nb3 Be6 8.Be3 Nbd7
9.g4 Rc8 10.Qd2 Be7 11.O-O-O b5 12.Kb1 Nb6 13.Qf2 Nfd7 14.Nd5 Bxd5 15.exd5 Nc4
16.Bc1 Ndb6 17.h4 Na4 18.Bd3 Qc7 19.g5 a5 20.Qe1 O-O 21.Qe4 Na3+ 22.Ka1 Nxc2+
23.Kb1  1/2-1/2

[Event "ch-RUS Girls u20"]
[Site "St Petersburg RUS"]
[Date "2008.03.17"]
[Round "10"]
[White "Severiukhina,Z"]
[Black "Ivakhinova,I"]
[Result "1-0"]
[WhiteElo "2199"]
[BlackElo "2250"]

1.e4 c5 2.Nf3 d6 3.d4 cxd4 4.Nxd4 Nf6 5.Nc3 a6 6.Be3 Ng4 7.Bc1 Nf6 8.f3 e6
9.Be3 b5 10.Qd2 Nbd7 11.O-O-O Nb6 12.Qf2 Nfd7 13.Kb1 Bb7 14.Bd3 Rc8 15.Nce2 Qc7
16.g4 Nc5 17.g5 b4 18.h4 Nba4 19.Rc1 Qa5 20.Nb3 Nxb3 21.cxb3 Rxc1+ 22.Rxc1 Nc5
23.Bxc5 dxc5 24.h5 Qd8 25.Qe3 Be7 26.Rg1 O-O 27.Bc4 Bc8 28.f4 Qc7 29.Nc1 Kh8
30.Nd3 Bd6 31.e5 Be7 32.Nf2 Bb7 33.g6 Bc8 34.gxh7 Bd8 35.Ne4 Bb7 36.Nd6 Kxh7
37.Bd3+ Kh8 38.Qg3 Rg8 39.Bc2 c4 40.bxc4 f5 41.Qg6 Rf8 42.h6  1-0